000 00948cam a2200253 a 4500
001 15669330
005 20171214072022.0
008 090323s2009 ncu b 001 0 eng
010 _a 2009012386
020 _a9780786443642 (softcover : alk. paper)
020 _a0786443642 (softcover : alk. paper)
035 _a(OCoLC)ocn277136395
040 _aDLC
_cDLC
_dYDXCP
_dBTCTA
_dWIQ
_dCDX
_dC#P
_dBWX
_dDLC
041 _aeng
080 _a616.8584 SCO
082 0 0 _a616.8584 SCO
_222
100 1 _a30
101 _aSHK
245 1 0 _aGame addiction :
_cNeils Clark and P. Shavaun Scott.
504 _aIncludes bibliographical references (p. 195-199) and index.
906 _a7
_bcbc
_corignew
_d1
_eecip
_f20
_gy-gencatlg
942 _2ddc
_cBK
999 _c38931
_d38931